000 00499nam a2200181Ia 4500
008 210417s9999 xx 000 0 und d
020 _a9789535104469
020 _b9535104462
082 _a547.135 SAH
082 _b22.547.135 SAH
245 0 _aMolecular photochemistry : various aspects
245 0 _cMolecular photochemistry various aspects
250 _b"xi, 282p. : hbk."
260 _bIntechopen.com
260 _c2016
700 _a"Saha, Satyen "
700 _bEdited by Satyen Saha
999 _c484037
_d484037